01352nam a2200313   4500003000900000005001700009008004100026017001300067040004600080082002600126092000700152099003400159100005300193245012300246264006800369300002800437336002200465337002400487338003300511504006100544546009600605650004300701651001000744856005700754905001300811942001900824999001700843952017800860EG-GICUC20260121101248.0251119s1971    ua ||||fr|||| 00| 0 ara d  a19711725  a EG-GICUCbarac EG-GICUCd EG-GICUCerda04221a341.81bا ب .ج04221  aLaw1 12	341.81 ا ب .ج 19710 aإبراهيم عبدالباقىeمؤلف.12aالجنسية فى قوانين دول المغرب العربى الكبير /cإبراهيم عبدالباقى.  aالقاهرة :bجامعة الدول العربية،c1971.  a861 ؛صفحةc24 سم  2rda contentatext  2rda mediaaComputer  2rda carrieraOnline Resource  aيحتوي على ارجاعات ببليوجرافية
  aالنص أغلبه باللغة العربية مع بعض النصوص الفرنسية1 aالجنسية -x قانون دولي1 2qrmak40uhttps://fll.law.cu.edu.eg/fulltext/bks/B12-00535.pdf  a75eYara  2ddcn0cBKe21  c44842d44842  00102ddc40718القانون الدولي الخاصaCUbLAW1d2025-11-19l0oLaw1 12	341.81 ا ب .ج 1971 1200535	C1pB12-00535r2025-11-19 15:43:09t1w2025-11-19yBK